| 000 | 00497nam a2200205Ia 4500 | ||
|---|---|---|---|
| 008 | 170918s9999 xx 000 0 und d | ||
| 020 | _a9780385732758 | ||
| 050 | _bG798 2004 | ||
| 100 | _aGreenberg, Jan | ||
| 245 | _aAndy Warhol : | ||
| 245 | _bprince of pop / | ||
| 245 | _cby Jan Greenberg and Sandra Jordan. | ||
| 260 | _aNew York : | ||
| 260 | _bLaurel-Leaf Books, | ||
| 260 | _c2004 | ||
| 300 | _a208 pages : | ||
| 300 | _billustrations ; | ||
| 300 | _c17cm. | ||
| 500 | _a1120 | ||
| 999 |
_c343065 _d343065 |
||